000 00383nam a2200133Ia 4500
008 100328s9999 xx 000 0 und d
082 _b6840
100 _aवरेरकर भार्गवराम विठ्ठल
245 _aनमागतां
260 _bनवभारत
630 _aनमागतां
730 _aनमागतां
942 _cBOOK
999 _c502704
_d502701